000 00309nam a22001337a 4500
003 SGT
020 _a978-1-4129-1889-3
082 _a371.9046
_bRAY
100 _aRAYNER, STEVE
245 _aMANAGING SPECIAL AND INCLUSIVE EDUCATION
260 _aINDIA
_bSAGE PUB.
_c2007
300 _a215
942 _2ddc
_cBK
999 _c21780
_d21780